INTERNET BUSINESS MODELS : (Registro nro. 58287)
[ vista simple ]
| 000 -LEADER | |
|---|---|
| fixed length control field | 00986nam a2200205 a 4500 |
| 001 - CONTROL NUMBER | |
| control field | 58287 |
| 005 - DATE AND TIME OF LATEST TRANSACTION | |
| control field | 20180714054836.0 |
| 008 - FIXED-LENGTH DATA ELEMENTS--GENERAL INFORMATION | |
| fixed length control field | 140415s2002 xxu 000 0 eng d |
| 020 ## - INTERNATIONAL STANDARD BOOK NUMBER | |
| International Standard Book Number | 0072498684 |
| 041 ## - LANGUAGE CODE | |
| Language code of text/sound track or separate title | eng |
| 082 ## - DEWEY DECIMAL CLASSIFICATION NUMBER | |
| Classification number | 384.3068 |
| Item number | EIS |
| 245 00 - TITLE STATEMENT | |
| Title | INTERNET BUSINESS MODELS : |
| Remainder of title | TEXT AND CASES |
| 250 ## - EDITION STATEMENT | |
| Edition statement | 1a ed. |
| 260 ## - PUBLICATION, DISTRIBUTION, ETC. | |
| Place of publication, distribution, etc. | ESTADOS UNIDOS DE AMERICA : |
| Name of publisher, distributor, etc. | MCGRAW-HILL COMPANIES, INC., |
| Date of publication, distribution, etc. | 2002 |
| 300 ## - PHYSICAL DESCRIPTION | |
| Extent | 700 |
| Dimensions | 20.5 x 3 x 26.2 |
| 500 ## - GENERAL NOTE | |
| General note | THOMAS R. EISENMANN ES EDITOR EN ESTA OBRA |
| 520 ## - SUMMARY, ETC. | |
| Summary, etc. | WE HAVE FIVE OBJETIVES FOR THIS BOOK. FIRTS, WE WANT TO HELP READERS TO UNDERSTAND INTERNET BUSINESS MODELS AND ENABLING TECHNOLOGIES. SECOND, WE WISH TO ILUSTRATE HOW THE INTERNET IS RESTRUCTURING INDUSTRIES. THIRD, WE SEEK TO EVALUATE ACCELERATED GROWTH STRATEGIES AND EXPLAIN WHEN THEY ARE MOST LIKELY TO YIELD.. |
| 650 14 - SUBJECT ADDED ENTRY--TOPICAL TERM | |
| Topical term or geographic name entry element | TECNOLOGA DE LA INFORMACIN |
| General subdivision | COMERCIO ELECTRONICO |
| 700 1# - ADDED ENTRY--PERSONAL NAME | |
| Personal name | EISENMANN, THOMAS R. -HALLOWELL, ROGER -TRIPSAS, MARY |
| Relator term | coaut. |
| Withdrawn status | Lost status | Source of classification or shelving scheme | Damaged status | Not for loan | Collection code | Home library | Current library | Shelving location | Date acquired | Source of acquisition | Inventory number | Total Checkouts | Full call number | Barcode | Date last seen | Price effective from | Koha item type |
|---|---|---|---|---|---|---|---|---|---|---|---|---|---|---|---|---|---|
| Dewey Decimal Classification | General | Biblioteca Karol Wojtyla | Biblioteca Karol Wojtyla | Sala general | 03/12/2013 | Compra | 151000000000000000044564 | 384.3068 EIS | 87880 | 05/01/2026 | 03/12/2013 | Libro |